书目信息 |
| 题名: |
围城
|
|
| 作者: | 老舍 , 林汝为 , 孙雄飞 原著 ;牛星丽 , 李翔 , 林汝为 编剧 | |
| 分册: | ||
| 出版信息: | 北京 人民文学出版社 2013 |
|
| 页数: | 221页 | |
| 开本: | 24cm | |
| 丛书名: | 中国电视剧三十年优秀剧作丛书 | |
| 单 册: | ||
| 中图分类: | I235.2 | |
| 科图分类: | ||
| 主题词: | 电视文学剧本 , 电视文学剧本--中国--当代 | |
| 电子资源: | ||
| ISBN: | 978-7-02-008155-4 | |
| 000 | 00943nam0 2200289 450 | |
| 001 | 139935 | |
| 005 | 20140914083007.29 | |
| 010 | @a978-7-02-008155-4@dCNY 24.50 | |
| 100 | @a20130308d2013 em y0chiy50 ea | |
| 101 | 0 | @achi |
| 102 | @aCN@b110000 | |
| 105 | @ay z 000by | |
| 200 | 1 | @a围城@Awei cheng@b专著@f林汝为,孙雄飞等编剧@Flin ru wei,sun xiong fei deng bian ju@g林汝为,李翔,牛星丽编剧 |
| 210 | @a北京@c人民文学出版社@d2013 | |
| 215 | @a221页@d24cm | |
| 225 | 1 | @a中国电视剧三十年优秀剧作丛书 |
| 606 | 0 | @a电视文学剧本 |
| 606 | 0 | @a电视文学剧本@y中国@z当代 |
| 690 | @aI235.2@v5 | |
| 701 | 0 | @c(满)@a老舍@Alao she@f(1899 1966)@4原著 |
| 701 | 0 | @a林汝为@Alin ru wei@4编剧 |
| 701 | 0 | @a孙雄飞@Asun xiong fei@4编剧 |
| 702 | 0 | @a牛星丽@Aniu xing li@f(1928 2009)@4编剧 |
| 702 | 0 | @a李翔@Ali xiang@f(1928 2002)@4编剧 |
| 702 | 0 | @a林汝为@Alin ru wei@f(1932 )@4编剧 |
| 801 | 0 | @c20140914 |
| 905 | @a241430@dI235.2@eL510 | |
| 围城/林汝为,孙雄飞等编剧/林汝为,李翔,牛星丽编剧.-北京:人民文学出版社,2013 |
| 221页;24cm.-(中国电视剧三十年优秀剧作丛书) |
| ISBN 978-7-02-008155-4:CNY 24.50 |
| ● |
| 相关链接 |
|
|
|
正题名:围城
索取号:I235.2/L510
 
预约/预借
| 序号 | 登录号 | 条形码 | 馆藏地/架位号 | 状态 | 备注 |
| 1 | 0832592 | 208325926 | 文学库108/108文学库 20排2列2层/ [索取号:I235.2/L510] | 在馆 | |
| 2 | 0832593 | 208325935 | 文学库108/108文学库 20排2列2层/ [索取号:I235.2/L510] | 在馆 | |
| 3 | 0832594 | 208325944 | 文学库108/108文学库 20排2列2层/ [索取号:I235.2/L510] | 在馆 |